000 01814nam a2200349 i 4500
003 EG-GICUC
005 20260121101213.0
008 251111s2007 EG ||||fr|||| 000 0 ara d
017 _a 2007/5851
020 _a277-403-140-7
040 _a EG-GICUC
_bara
_c EG-GICUC
_d EG-GICUC
_erda
082 0 4 _221
_a341.60566
_bن ا . ع
092 0 4 _221
099 _alaw1 11 341.60566 2007 ن ا . ع
100 0 _aمصطفى ، نادية محمود
_eAuthor.
245 _aالعدوان ، المقاومة الحضارية فى حرب لبنان :
_bالدلالات والمألات
_cنادية محمود مصطفى ،سيف الدين عبد الفتاح
264 _aالقاهرة :
_bكلية الاقتصاد والعلوم السياسية - جامعة القاهرة ،
_c2007.
300 _a645 صفحة :
_c24 سم
336 _2rda content
_atext
337 _2rda media
_aComputer
338 _2rda carrier
_aOnline Resource
500 _aأحمد أبو الوفا سمير ماركس أحمد تهامي محمد عباس ناجي سيف الدين عبد الفتاح أماني غانم نادية محمود مصطفى شيماء حطب جميل مطر نسمة شرارة ضياء رشوان حسام حسن هدى حرب طارق البشري رضوی صلاح وسام فؤاد علي الفتيت ياسمين زين العابدين محمد السيد سعيد
546 _aالنص باللغة العربية
650 1 4 _aالقانون الدولي العام
_2qrmak
651 1 _2qrmak
700 _a عبد الفتاح ، سيف الدين
_eCompiler.
700 _aغانم ، أماني
_eeditor.
700 _aماهر ، مدحت
_eReviewer.
856 4 0 _uhttps://fll.law.cu.edu.eg/fulltext/bks/B11-04349.pdf
905 _a39
942 _2ddc
_cBK
_e21
_n0
999 _c42770
_d42770